<?xml version="1.0" encoding="UTF-8"?>
<record
    xmlns:xsi="http://www.w3.org/2001/XMLSchema-instance"
    xsi:schemaLocation="http://www.loc.gov/MARC21/slim http://www.loc.gov/standards/marcxml/schema/MARC21slim.xsd"
    xmlns="http://www.loc.gov/MARC21/slim">

  <leader>00390nam a22001697a 4500</leader>
  <controlfield tag="003">SGT</controlfield>
  <datafield tag="020" ind1=" " ind2=" ">
    <subfield code="a">9789354664731</subfield>
  </datafield>
  <datafield tag="082" ind1=" " ind2=" ">
    <subfield code="a">611</subfield>
    <subfield code="b">B22G</subfield>
  </datafield>
  <datafield tag="100" ind1=" " ind2=" ">
    <subfield code="a">GARG, KRISHNA, ed,</subfield>
  </datafield>
  <datafield tag="245" ind1=" " ind2=" ">
    <subfield code="a">B D CHOURASIA'S HUMMAN ANATOMY</subfield>
  </datafield>
  <datafield tag="250" ind1=" " ind2=" ">
    <subfield code="a">9TH</subfield>
  </datafield>
  <datafield tag="260" ind1=" " ind2=" ">
    <subfield code="a">NEW DELHI</subfield>
    <subfield code="b">CBS PUB.</subfield>
    <subfield code="c">2022</subfield>
  </datafield>
  <datafield tag="300" ind1=" " ind2=" ">
    <subfield code="a">362</subfield>
  </datafield>
  <datafield tag="650" ind1=" " ind2=" ">
    <subfield code="a">ANATOMY</subfield>
  </datafield>
  <datafield tag="653" ind1=" " ind2=" ">
    <subfield code="a">HUMAN, ANATOMY, HUMAN ANATOMY</subfield>
  </datafield>
  <datafield tag="942" ind1=" " ind2=" ">
    <subfield code="2">ddc</subfield>
    <subfield code="c">BK</subfield>
    <subfield code="0">209</subfield>
  </datafield>
  <datafield tag="952" ind1=" " ind2=" ">
    <subfield code="0">0</subfield>
    <subfield code="1">0</subfield>
    <subfield code="2">ddc</subfield>
    <subfield code="4">0</subfield>
    <subfield code="7">0</subfield>
    <subfield code="8">FA</subfield>
    <subfield code="a">APL</subfield>
    <subfield code="b">APL</subfield>
    <subfield code="c">TXT</subfield>
    <subfield code="d">2023-06-07</subfield>
    <subfield code="e">ABC PVT.</subfield>
    <subfield code="g">775.00</subfield>
    <subfield code="h">1</subfield>
    <subfield code="i">SGTU</subfield>
    <subfield code="l">54</subfield>
    <subfield code="o">611 B22G</subfield>
    <subfield code="p">FA11441</subfield>
    <subfield code="r">2026-05-23 17:49:15</subfield>
    <subfield code="s">2026-05-14</subfield>
    <subfield code="w">2023-05-20</subfield>
    <subfield code="y">BK</subfield>
    <subfield code="k">16642</subfield>
  </datafield>
  <datafield tag="952" ind1=" " ind2=" ">
    <subfield code="0">0</subfield>
    <subfield code="1">0</subfield>
    <subfield code="2">ddc</subfield>
    <subfield code="4">0</subfield>
    <subfield code="7">0</subfield>
    <subfield code="8">FA</subfield>
    <subfield code="a">APL</subfield>
    <subfield code="b">APL</subfield>
    <subfield code="c">TXT</subfield>
    <subfield code="d">2023-06-07</subfield>
    <subfield code="e">ABC PVT.</subfield>
    <subfield code="g">775.00</subfield>
    <subfield code="h">1</subfield>
    <subfield code="i">SGTU</subfield>
    <subfield code="l">63</subfield>
    <subfield code="m">3</subfield>
    <subfield code="o">611 B22G</subfield>
    <subfield code="p">FA11442</subfield>
    <subfield code="r">2026-05-08 00:00:00</subfield>
    <subfield code="s">2026-05-08</subfield>
    <subfield code="w">2023-05-20</subfield>
    <subfield code="y">BK</subfield>
    <subfield code="k">16642</subfield>
  </datafield>
  <datafield tag="952" ind1=" " ind2=" ">
    <subfield code="0">0</subfield>
    <subfield code="1">0</subfield>
    <subfield code="2">ddc</subfield>
    <subfield code="4">0</subfield>
    <subfield code="7">0</subfield>
    <subfield code="8">FA</subfield>
    <subfield code="a">APL</subfield>
    <subfield code="b">APL</subfield>
    <subfield code="c">TXT</subfield>
    <subfield code="d">2023-06-07</subfield>
    <subfield code="e">ABC PVT.</subfield>
    <subfield code="g">775.00</subfield>
    <subfield code="h">1</subfield>
    <subfield code="i">SGTU</subfield>
    <subfield code="l">56</subfield>
    <subfield code="m">1</subfield>
    <subfield code="o">611 B22G</subfield>
    <subfield code="p">FA11443</subfield>
    <subfield code="r">2026-05-11 00:00:00</subfield>
    <subfield code="s">2026-04-25</subfield>
    <subfield code="w">2023-05-20</subfield>
    <subfield code="y">BK</subfield>
    <subfield code="k">16642</subfield>
  </datafield>
  <datafield tag="952" ind1=" " ind2=" ">
    <subfield code="0">0</subfield>
    <subfield code="1">0</subfield>
    <subfield code="2">ddc</subfield>
    <subfield code="4">0</subfield>
    <subfield code="7">0</subfield>
    <subfield code="8">FA</subfield>
    <subfield code="a">APL</subfield>
    <subfield code="b">APL</subfield>
    <subfield code="c">TXT</subfield>
    <subfield code="d">2023-06-07</subfield>
    <subfield code="e">ABC PVT.</subfield>
    <subfield code="g">775.00</subfield>
    <subfield code="h">1</subfield>
    <subfield code="i">SGTU</subfield>
    <subfield code="l">50</subfield>
    <subfield code="m">1</subfield>
    <subfield code="o">611 B22G</subfield>
    <subfield code="p">FA11444</subfield>
    <subfield code="r">2026-04-30 00:00:00</subfield>
    <subfield code="s">2026-04-30</subfield>
    <subfield code="w">2023-05-20</subfield>
    <subfield code="y">BK</subfield>
    <subfield code="k">16642</subfield>
  </datafield>
  <datafield tag="952" ind1=" " ind2=" ">
    <subfield code="0">0</subfield>
    <subfield code="1">0</subfield>
    <subfield code="2">ddc</subfield>
    <subfield code="4">0</subfield>
    <subfield code="7">0</subfield>
    <subfield code="8">FA</subfield>
    <subfield code="a">APL</subfield>
    <subfield code="b">APL</subfield>
    <subfield code="c">TXT</subfield>
    <subfield code="d">2023-06-07</subfield>
    <subfield code="e">ABC PVT.</subfield>
    <subfield code="g">775.00</subfield>
    <subfield code="h">1</subfield>
    <subfield code="i">SGTU</subfield>
    <subfield code="l">67</subfield>
    <subfield code="o">611 B22G</subfield>
    <subfield code="p">FA11445</subfield>
    <subfield code="r">2026-05-08 00:00:00</subfield>
    <subfield code="s">2026-05-08</subfield>
    <subfield code="w">2023-05-20</subfield>
    <subfield code="y">BK</subfield>
    <subfield code="k">16642</subfield>
  </datafield>
  <datafield tag="999" ind1=" " ind2=" ">
    <subfield code="c">23952</subfield>
    <subfield code="d">23952</subfield>
  </datafield>
</record>
